Latin Amerika'da radikal sosyal demokrasi deneyimleri (Record no. 10752)
[ view plain ]
| 000 -BAŞLIK | |
|---|---|
| Sabit Uzunlukta Kontrol Alanı | 00939na a2200277 4500 |
| 001 - KONTROL NUMARASI | |
| Denetim Alanı | 24231 |
| 003 - KONTROL NUMARASI IDENTIFIER | |
| Denetim Alanı | MIRAKIL |
| 005 - SON İŞLEM TARİHİ VE ZAMANI | |
| Denetim Alanı | 20181213155332.0 |
| 008 - SABİT-BOY VERİ ELEMANLARI - GENEL BİLGİLER | |
| Sabit Uzunlukta Kontrol Alanı | 180704b tu 000 0 |
| 020 ## - ULUSLARARASI STANDART KİTAP NUMARASI | |
| Uluslararası Standart Kitap Numarası | 9786054657049 |
| 040 ## - KATALOGLAMA KAYNAK | |
| Orijinal Kataloglama Ajansı | Milas |
| Kataloglama Dili | tur |
| Metne Dönüştürmek Ajansı | TR-AnCHP |
| 041 ## - DİL KODU | |
| Metin / Ses Parça Veya Ayrı Başlığın Dil Kodu | tur |
| 082 ## - DEWEY ONLU SINIFLANDIRMA NUMARASI | |
| Sınıflandırma Numarası | 320.5315098 |
| Ürün Numarası | L53l 2012 |
| 090 ## - SINIFLAMA NUMARASI | |
| Sınıflama Numarası | 320.5315098 L53l 2012 |
| 100 ## - ANA GİRİŞ - KİŞİSEL İSİM | |
| Kişisel Ad | Lievesley, Geraldine |
| 245 ## - BAŞLIK TABLOSU | |
| Başlık | Latin Amerika'da radikal sosyal demokrasi deneyimleri |
| Sorumluluk Tablosu, Vb | Geraldine Lievesley, Steve Ludlam ; çeviren Funda Çoban |
| 260 ## - YAYIN, DAĞITIM, VB | |
| Yayın, Dağıtım, Vb Yeri | Ankara |
| Yayıncı, Dağıtıcı, Vs Adı | Phoenix Yayınevi |
| Yayın, Dağıtım, Vb Tarihi | 2012 |
| Üretici Firma | Cem Web Ofset |
| 300 ## - FİZİKSEL TANIM | |
| Kapsam | 400 s. |
| Boyutlar | 19 sm. |
| 500 ## - GENEL NOT | |
| Genel Not | Yapıtın özgün adı: Reclaiming Latin America: Experiments in radical Social demokracy |
| 504 ## - KAYNAKÇA VB NOT | |
| Kaynakça Vb Notu | Kaynakça ve dizin var. |
| 650 ## - KONU KATMA GİRİŞ - TOPİKAL DÖNEM | |
| Topikal Süreli Veya Coğrafi Ad Giriş Elemanı | Sosyal demokrasi |
| Coğrafi Alt Bölümü | Latin Amerika |
| 650 ## - KONU KATMA GİRİŞ - TOPİKAL DÖNEM | |
| Topikal Süreli Veya Coğrafi Ad Giriş Elemanı | Siyasal ideolojiler |
| Genel Alt Bölümü | Sosyal demokrasi |
| 700 ## - KATMA GİRİŞ - KİŞİSEL İSİM | |
| Kişisel Ad | Çoban, Funda |
| Relator Terim | çev. |
| 700 ## - KATMA GİRİŞ - KİŞİSEL İSİM | |
| Kişisel Ad | Ludlam, Steve |
| 942 ## - EKLENDİ GİRİŞ ELEMANLARI (KOHA) | |
| Sınıflandırma Veya Raf Düzeni Kaynak | |
| Koha Öğesi Türü | Books |
| 999 ## - SİSTEM KONTROL NUMARALARI (KOHA) | |
| Koha Biblionumber | 10752 |
| Koha Biblioitemnumber | 10752 |
| Kalıcı Konum | Mevcut Konum | Edinme Tarihi | Edinim Kaynak | Toplam Check-Out'Lar | Tam Çağrı Numarası | Barkod | Tarih Son Görülme | İtibaren Geçerli Fiyatlar | Koha Öğesi Türü |
|---|---|---|---|---|---|---|---|---|---|
| CHP Kütüphanesi | CHP Kütüphanesi | 07/04/2018 | Bağış | 320.5315098 L53l 2012 | 018243 | 07/04/2018 | 07/04/2018 | Books | |
| CHP Kütüphanesi | CHP Kütüphanesi | 04/24/2024 | 320.5315098 L53l 2012 | 21881 | 04/24/2024 | 04/24/2024 | Books | ||
| Parti Okulu Kütüphanesi | Parti Okulu Kütüphanesi | 02/27/2024 | 320.5315098 L53l 2012 | 21260 | 02/27/2024 | 02/27/2024 | Books |
